| 000 | 00439nam a2200169 a 4500 | ||
|---|---|---|---|
| 001 | 0000-9245 | ||
| 003 | ELIB.Books | ||
| 008 | 110520 1988 | ||
| 035 | _a(ELIB.Books)0000-9397 | ||
| 082 |
_a133 _bBay |
||
| 100 | _aBayly, Joseph | ||
| 245 | _aWhat about Horoscopes? | ||
| 260 |
_bLondon: Covedale House Publishers Ltd. _c1988 |
||
| 650 | _aHoroscapis Astrology | ||
| 942 |
_2ddc _cBK |
||
| 998 |
_cbat _e2011-05-20 |
||
| 999 |
_c9245 _d9245 |
||